| 000 | 00515nam a22001817a 4500 | ||
|---|---|---|---|
| 003 | OSt | ||
| 005 | 20260129035808.0 | ||
| 008 | 260129b |||||||| |||| 00| 0 eng d | ||
| 020 | _a81-7648-817-8. | ||
| 040 |
_aDWCL-Main lib _cOC |
||
| 082 | _aCirc. 580 T255 2005 | ||
| 100 | _aSingh, Y. K. | ||
| 245 |
_aTeaching Botany _cSingh, Y. K. |
||
| 260 |
_aNew Delhi : _bA. P. H. Publishing Corporation, _cC2005. |
||
| 300 |
_a348 pages : _billustration ; _c22 cm. |
||
| 650 | _a1. Botany. | ||
| 942 |
_2ddc _cBK-CIRC _kCirc. _n0 |
||
| 999 |
_c7956 _d7956 |
||